00550nam a2200157Ia 4500008004100000020001800041041000800059082001600067245007600083250000600159260004100165300001900206650001800225999001900243952013000262210716s2018 xx 000 0 und d a9788126586974 aeng a153.94 NEET a21 years NEET: chapter wise solved papers.bChapter wise solved papers. a1 aNew DelhibWiley India Pvt Ltdc2018 avi,284,239,349 aAptitude Test c197073d197073 001040708MCAaAIMITbAIMITeKnowledge Worldg639.00l0o153.94 NEETpMCA16588r2026-05-23 00:00:00v479.25w2021-07-16yBK